Online
Catalog

El Vaticano contra Dios : (Record no. 22588)

MARC details
000 -CABECERA
campo de control de longitud fija 00679nam a2200217 a 4500
001 - NÚMERO DE CONTROL
campo de control 000023091
005 - FECHA Y HORA DE LA ÚLTIMA TRANSACCIÓN
campo de control 20200930022000.0
008 - DATOS DE LONGITUD FIJA--INFORMACIÓN GENERAL
campo de control de longitud fija 101126s2001 sp r 000 | spa d
020 ## - NÚMERO INTERNACIONAL ESTÁNDAR DEL LIBRO
Número Internacional Estándar del Libro 8466301895
040 ## - FUENTE DE LA CATALOGACIÓN
Centro catalogador/agencia de origen DO-SdBNP
Lengua de catalogación spa
Centro/agencia transcriptor BNPHU
082 ## - NÚMERO DE LA CLASIFICACIÓN DECIMAL DEWEY
Número de clasificación xxx
Número de documento/Ítem M642v
049 ## - FONDOS LOCALES (OCLC)
Fondos de biblioteca BNGR
245 13 - MENCIÓN DE TÍTULO
Título El Vaticano contra Dios :
Resto del título via col vento in Vaticano /
Mención de responsabilidad, etc. Milenarios; traducción de Ma. Antonia Menini.
250 ## - MENCIÓN DE EDICIÓN
Mención de edición 2a ed.
260 ## - PUBLICACIÓN, DISTRIBUCIÓN, ETC.
Lugar de publicación, distribución, etc. Barcelona :
Nombre del editor, distribuidor, etc. B,
Fecha de publicación, distribución, etc. 2001.
300 ## - DESCRIPCIÓN FÍSICA
Extensión 531 p. ;
Dimensiones 18 cm.
534 ## - NOTA SOBRE LA VERSIÓN ORIGINAL
Encabezamiento principal del original Título original :
Mención de título del original Via col vento in Vaticano
500 ## - NOTA GENERAL
Nota general Inclue una lista de la colección
610 ## - PUNTO DE ACCESO ADICIONAL DE MATERIA--NOMBRE DE ENTIDAD CORPORATIVA
Nombre de entidad corporativa o nombre de jurisdicción como elemento de entrada Milenarios
9 (RLIN) 47539
700 1# - PUNTO DE ACCESO ADICIONAL--NOMBRE DE PERSONA
Nombre de persona Menini, Ma. Antonia
Término indicativo de función/relación tr.
9 (RLIN) 44484
Holdings
Estado de retiro Estado de pérdida Restricciones de uso No para préstamo Código de colección Localización permanente Ubicación/localización actual Ubicación en estantería Fecha de adquisición Número de inventario Total de préstamos Signatura topográfica completa Código de barras Fecha visto por última vez Precio válido a partir de Tipo de ítem Koha
      Excluido de préstamo Monografías: Libros y Folletos General General En catalogación 26.11.2010 LF1   xxx M642v 23091-10 25.06.2020 25.06.2020 No se presta

Powered by Koha